Functional analysis
Salvato in:
| Autore principale: | |
|---|---|
| Natura: | Libro |
| Lingua: | inglese |
| Pubblicazione: |
Nueva York
Academic Press
1965
|
| Soggetti: | |
| Tags: |
Aggiungi Tag
Nessun Tag, puoi essere il primo ad aggiungerne!!
|
MARC
| LEADER | 00000cam a2200000 a 4500 | ||
|---|---|---|---|
| 001 | UCQ8956 | ||
| 003 | CL-VaPUC | ||
| 008 | 981217e19650000US |||||||||||||||||eng|d | ||
| 082 | 0 | 4 | |a 515.7 |b YOS |2 21 |
| 100 | 0 | |a Yosida, Kôsaku |e author |9 423291 | |
| 245 | 1 | 0 | |a Functional analysis |
| 300 | |a 458 p | ||
| 942 | |c BK | ||
| 945 | |d 19981217 00:00:00 |a crobeson | ||
| 260 | |a Nueva York |b Academic Press |c 1965 | ||
| 650 | 0 | |a Análisis funcional |9 269993 | |
| 650 | 7 | |a ESPACIOS DE BANACH |2 CL-VaPUC |9 260167 | |
| 650 | 7 | |a METODOS ANALITICOS |2 CL-VaPUC |9 358863 | |
| 650 | 0 | |a Ecuaciones integrales |9 270067 | |
| 650 | 0 | |a Análisis de sistemas |9 260059 | |
| 583 | |a last modification |c 20120822 12:21:26 |k Rodrigo Vera | ||
| 999 | |c 278121 |d 278119 | ||
| 952 | |0 0 |1 0 |4 0 |6 515_700000000000000_YOS_1965 |7 0 |8 A |9 316496 |a BIBMAT |b BIBMAT |d 2019-11-20 |i 1310399 |o 515.7 YOS 1965 |p 1310399 |r 2025-01-07 |w 2019-11-20 |y BK |k MAT | ||
| 952 | |0 0 |1 0 |4 0 |6 515_700000000000000_YOS_1965 |7 0 |8 A |9 316497 |a BIBMAT |b BIBMAT |d 2019-11-20 |i 1317725 |o 515.7 YOS 1965 |p 1317725 |r 2025-01-07 |w 2019-11-20 |y BK |k MAT | ||
| 952 | |0 0 |1 0 |4 0 |6 515_700000000000000_YOS_1965 |7 0 |8 A |9 316498 |a BIBMAT |b BIBMAT |d 2019-11-20 |i 4888626 |o 515.7 YOS 1965 |p 4888626 |r 2025-01-07 |w 2019-11-20 |y BK |k MAT | ||